000 01055nam a22003257a 4500
001 000746
003 DO-SdBNP
005 20180209122030.0
007 000746
008 161125b 1993 sp a ||||| |||| 00| 0 spa d
020 _a8434829126
040 _aBPMSU
_bspa
_cBPMSU
100 1 _aNöstlinger, Christine,
_d1936-
240 1 _aEcht Susi.
_hEspañol
245 1 0 _aLa auténtica Susi /
_cChristine Nöstlinger ; traducción del alemán, Luis Astorga , ilustraciones Christine Nöstlinger, jr.
250 _a5ª ed.
260 _aMadrid :
_bSM,
_c1993.
300 _a171 p. :
_bil. ;
_c19 cm.
490 1 _aEl barco de vapor
_v65
490 1 _aBarco de vapor. Serie naranja
_v65
500 _aA partir de 9 años.
500 _aIncluye datos del autor
700 1 2 _aAstorga, Luis
_etrad.
700 1 2 _aNöstlinger, Christine
_eil.
830 0 _aEl barco de vapor ;
_v65
830 0 _aBarco de vapor. Serie naranja ;
_v65
942 _2ddc
_cBK
945 _aInventariado, 2018/MFF
956 _2LOPEREZ
_310
_620161125
_8BPMSU
_a00041
999 _c12106
_d12106